KANGURULAR ÜLKESİ AVUSTRALYAYA YOLCULUK (L2) (Record no. 1226822)

MARC details
000 -LEADER
sabit uzunluktaki kontrol alanı 00285nam a2200097Ia 4500
001 - KONTROL NUMARASI
kontrol alanı 1226822
005 - EN SON İŞLEMİN TARİH VE ZAMANI
kontrol alanı 20250827093011.0
008 - SABİT-UZUNLUKTA VERİ ÖĞELERİ--GENEL BİLGİ
sabit uzunluktaki kontrol alanı 250824s9999 xx 000 0 und d
245 #0 - ESER / YAZAR
ESER ADI KANGURULAR ÜLKESİ AVUSTRALYAYA YOLCULUK (L2)
Yazar Adı GÜLTEN DAYIOĞLU
260 ## - YAYIN, DAĞITIM, VB.
YAYIN EVİ ALTIN KİTAPLAR YAYINEVİ
Holdings
Düşüm durumu Kayıp durumu Hasar Durumu Ödünç verilmez Ana kütüphane Geçerli Kütüphane Edinilen tarih Toplam ödünç verme sayısı Barkod Son görüntüleme tarihi Fiyatın geçerli olmaya başladığı tarih Koha materyal türü
        AYŞE TÜMER İLKOKULU AYŞE TÜMER İLKOKULU 24.08.2025   10943674 27.08.2025 27.08.2025 Books